000
00321nam a2200133Ia 4500
008
240624s9999 xx 000 0 und d
041
_a
eng
082
_a
828 WEL
100
_a
WELSH DAVID
245
_a
ENDING APARTHEID
260
_c
2011
_a
New York
_b
Longman Pearson
300
_a
xi, 231 p.; 23 cm.
365
_c
BPS
_b
28
999
_c
29495
_d
29495